Introduction to special education : teaching in an age of challenge /

में बचाया:
ग्रंथसूची विवरण
मुख्य लेखक: Smith, Deborah Deutsch
स्वरूप: पुस्तक
भाषा:अंग्रेज़ी
प्रकाशित: Boston : Allyn and Bacon, c1998.
संस्करण:3rd.ed.
विषय:
टैग: टैग जोड़ें
कोई टैग नहीं, इस रिकॉर्ड को टैग करने वाले पहले व्यक्ति बनें!

MARC

LEADER 00000cam a22000002a 4500
001 0000009794
003 DAYSTAR
005 20171002014613.0
008 030703s1998 mau 001 0 eng d
020 |a Daystar 
040 |a Daystar 
040 |d BEdgar 
050 1 |a LC4019  |b .S65 
100 1 |a Smith, Deborah Deutsch. 
245 1 0 |a Introduction to special education :  |b teaching in an age of challenge /  |c Deborah Deutsch Smith. 
250 |a 3rd.ed. 
260 |a Boston :  |b Allyn and Bacon,  |c c1998. 
300 |a vi, 640 p. 
650 0 |a Handicapped children--Education. 
908 |a 060412 
942 |c G 
952 |0 0  |1 0  |4 0  |6 LC_4019_000000000000000_S65_1998  |7 0  |9 4556  |a DUA  |b DUA  |c GC  |d 2017-09-28  |l 0  |o LC4019.S65 1998  |p BK015917  |r 2017-09-28 00:00:00  |w 2017-09-28  |x 45376  |y G 
999 |c 2997  |d 2997